000 00613nam a2200217Ia 4500
005 20221205133023.0
008 131103s9999 xx 000 0 und d
020 _a52129968
040 _aLoreto College
041 _aEnglish
082 _a821.91
_bELI- MOO
100 _aMoody,A.D.
245 _aThomas Slearns Eliot
_b poet
_cA.D.Moody
260 _aCambridge
_bCambridge University Press
_c1980
300 _axv,381 p.
504 _aIncludes bibliographical references and index
650 _aEnglish Poetry
651 _aEliot,T.S. - Criticism and interpretation
850 _aLCLIB
942 _cBK
999 _c3570
_d54049